[Event "Hoogeveen open"]
[Site "Hoogeveen, Netherlands"]
[Date "2008.10.23"]
[Round "7"]
[White "Van der Veen, Jan"]
[Black "Tate, Alan"]
[Result "1-0"]
[WhiteElo "2114"]
[BlackElo "2144"]
[PlyCount "114"]
[EventDate "2008.??.??"]

1. e4 c5 2. Nc3 Nc6 3. f4 g6 4. Nf3 Bg7 5. Bb5 Nd4 6. Bd3 d6 7. Nxd4 cxd4 8.
Ne2 Nf6 9. Nxd4 Nxe4 10. Bxe4 Bxd4 11. Qf3 Qb6 12. c3 Bg7 13. d4 O-O 14. Qf2
Bd7 15. O-O e6 16. Be3 d5 17. Bf3 Qd6 18. Qd2 b5 19. a4 bxa4 20. Bd1 Bb5 21.
Rf2 Qd7 22. Bc2 Rfb8 23. Qd1 Rb6 24. Bxa4 Ra6 25. Bxb5 Qxb5 26. Rxa6 Qxa6 27.
h3 Rb8 28. g4 Qa2 29. Bc1 Re8 30. Kg2 Qc4 31. Re2 Rc8 32. Be3 Rb8 33. Qc2 a5
34. Rf2 Re8 35. Rf1 Bh6 36. Rf2 Rb8 37. Qd2 Bg7 38. f5 exf5 39. gxf5 Rb6 40.
Bh6 gxf5 41. Bxg7 Kxg7 42. Qf4 Qd3 43. Kh2 h6 44. Qe5+ Kh7 45. Qxd5 Re6 46.
Qxf5+ Qxf5 47. Rxf5 Re2+ 48. Kg3 Rxb2 49. Rxa5 Rd2 50. Rf5 Kg6 51. Rf3 f5 52.
Kf4 Re2 53. Rd3 Re4+ 54. Kf3 Kf6 55. c4 Re1 56. d5 Rf1+ 57. Kg2 Rc1 1-0

[Event "Hoogeveen open"]
[Site "Hoogeveen, Netherlands"]
[Date "2008.10.23"]
[Round "7"]
[White "Rooda, Kai"]
[Black "Goudriaan, Etienne"]
[Result "1/2-1/2"]
[WhiteElo "2141"]
[BlackElo "2088"]
[PlyCount "115"]
[EventDate "2008.??.??"]

1. d4 Nf6 2. Nf3 g6 3. c4 Bg7 4. Nc3 O-O 5. e4 d6 6. Be2 e5 7. dxe5 dxe5 8. O-O
Na6 9. Qc2 c6 10. Be3 Qe7 11. Rad1 Bg4 12. a3 Bxf3 13. Bxf3 Nc5 14. b4 Ne6 15.
c5 Rfd8 16. Ne2 Ne8 17. Qc4 N8c7 18. a4 Ng5 19. Bg4 h5 20. Bxg5 Qxg5 21. Bf3
Ne6 22. Qc2 Bf8 23. a5 a6 24. Rxd8 Rxd8 25. Rd1 Bh6 26. Nc3 Rd2 27. Rxd2 Qxd2
28. Qxd2 Bxd2 29. Na2 Nd4 30. Bd1 Nb5 31. g4 h4 32. g5 Nd4 33. Bg4 Ne6 34. Kg2
Bxg5 35. Kf1 Kg7 36. h3 Kf6 37. Ke2 Bf4 38. Nc3 Kg5 39. Bxe6 fxe6 40. Na2 Kh5
41. Kd1 g5 42. f3 Be3 43. Nc3 g4 44. fxg4+ Kg5 45. Ne2 Kg6 46. Kc2 Kg5 47. Kd3
Bf2 48. Kd2 Bd4 49. Kc2 Bf2 50. Nc1 Be3 51. Nd3 Bd4 52. Kd2 Ba1 53. Kc2 Bd4 54.
Ne1 Kf4 55. Ng2+ Kg5 56. Kd3 Bf2 57. Ke2 Bd4 58. Kd3 1/2-1/2

[Event "Hoogeveen open"]
[Site "Hoogeveen, Netherlands"]
[Date "2008.10.23"]
[Round "7"]
[White "Groenewold, Jan Joris"]
[Black "Jellema, Yme Jan"]
[Result "0-1"]
[WhiteElo "2106"]
[BlackElo "2129"]
[PlyCount "68"]
[EventDate "2008.??.??"]

1. Nf3 Nf6 2. b3 d5 3. Bb2 Bg4 4. e3 e6 5. Be2 Nbd7 6. d3 Bd6 7. h3 Bxf3 8.
Bxf3 O-O 9. g4 Ne5 10. Bg2 c5 11. Nd2 Nc6 12. Qe2 Rc8 13. a3 b5 14. O-O d4 15.
c4 dxc3 16. Bxc3 Be5 17. Rfc1 Nd5 18. Bxe5 Nxe5 19. Ne4 Qb6 20. Rc2 b4 21. a4
f5 22. gxf5 exf5 23. Ng5 Nc3 24. Rxc3 bxc3 25. Bd5+ Kh8 26. f4 Qg6 27. Kf2 Rcd8
28. Ne6 Nxd3+ 29. Kf1 Rxd5 30. Nxf8 Qe8 31. Rd1 Qe4 32. Rxd3 Qxd3 33. Qxd3 Rxd3
34. Ke2 Rd6 0-1

[Event "Hoogeveen open"]
[Site "Hoogeveen, Netherlands"]
[Date "2008.10.23"]
[Round "7"]
[White "Mostertman, Milan"]
[Black "Akotchik, Viktor"]
[Result "1/2-1/2"]
[WhiteElo "2044"]
[BlackElo "2128"]
[PlyCount "65"]
[EventDate "2008.??.??"]

1. e4 c5 2. Nf3 d6 3. d4 cxd4 4. Nxd4 Nf6 5. Nc3 a6 6. Bg5 e6 7. f4 Be7 8. Qf3
Qc7 9. O-O-O Nbd7 10. g4 b5 11. Bxf6 Nxf6 12. g5 Nd7 13. h4 Bb7 14. h5 b4 15.
Nce2 Rc8 16. g6 f5 17. h6 Bf6 18. Qh5 Bxe4 19. hxg7 Bxg7 20. gxh7+ Ke7 21. Rg1
Qxc2+ 22. Nxc2 Rxc2+ 23. Kb1 Rxb2+ 24. Kc1 Rc8+ 25. Nc3 Bxc3 26. Rd3 Be5+ 27.
Kd1 Rb1+ 28. Ke2 Bxd3+ 29. Kxd3 Rc3+ 30. Ke2 Rb2+ 31. Kd1 Rb1+ 32. Ke2 Rb2+ 33.
Kd1 1/2-1/2

[Event "Hoogeveen open"]
[Site "Hoogeveen, Netherlands"]
[Date "2008.10.23"]
[Round "7"]
[White "Ten Vergert, Paul"]
[Black "Colijn, Stefan"]
[Result "1-0"]
[WhiteElo "1980"]
[BlackElo "2118"]
[PlyCount "81"]
[EventDate "2008.??.??"]

1. e4 c5 2. Nf3 d6 3. d4 cxd4 4. Nxd4 Nf6 5. Nc3 a6 6. Bg5 Nbd7 7. f4 Qc7 8.
Qf3 h6 9. Bh4 e5 10. Nb3 exf4 11. Bxf6 Nxf6 12. Qxf4 Be7 13. Be2 Be6 14. O-O
O-O 15. Rad1 b5 16. a3 b4 17. axb4 Qb6+ 18. Nd4 Nd7 19. Qf2 Qb7 20. b5 Ne5 21.
bxa6 Qxb2 22. Nd5 Bxd5 23. exd5 Bd8 24. Rb1 Qa2 25. Ne6 Re8 26. Bb5 Re7 27.
Nxd8 Rxd8 28. c4 Qa3 29. Ra1 Qc3 30. Qb6 Ra8 31. Qxd6 Qd4+ 32. Kh1 Nd3 33. h3
Re2 34. a7 Qe4 35. Qg3 Re3 36. Qb8+ Kh7 37. Bd7 Qxc4 38. Qxa8 Nf4 39. Bf5+ g6
40. Qf8 Qxd5 41. a8=Q 1-0

[Event "Hoogeveen open"]
[Site "Hoogeveen, Netherlands"]
[Date "2008.10.23"]
[Round "7"]
[White "Van der Velde, Wytse"]
[Black "Grooten, Herman"]
[Result "0-1"]
[WhiteElo "1978"]
[BlackElo "2376"]
[PlyCount "124"]
[EventDate "2008.??.??"]

1. e4 c5 2. Nf3 d6 3. d4 cxd4 4. Nxd4 Nf6 5. Nc3 a6 6. Bg5 e6 7. f4 Nbd7 8. Qf3
Qc7 9. O-O-O Be7 10. Bd3 h6 11. Qh3 Nb6 12. Rhe1 e5 13. Nf5 Bxf5 14. exf5 O-O-O
15. Bxf6 Bxf6 16. Be4 exf4 17. Nd5 Nxd5 18. Bxd5 Rhe8 19. Qb3 Re3 20. Rxe3 fxe3
21. Kb1 Re8 22. Re1 Bg5 23. g3 Re7 24. Qc4 Qxc4 25. Bxc4 h5 26. Kc1 h4 27. Kd1
Kd8 28. Ke2 Rc7 29. Bd3 hxg3 30. hxg3 Ke7 31. a4 d5 32. b3 Kf6 33. Rh1 Rc8 34.
Rh3 Ke5 35. Rh5 f6 36. Rh2 Kd4 37. Rh7 Bh6 38. Kf3 Ke5 39. Ke2 d4 40. Kf3 Kd6
41. Ke2 b5 42. axb5 axb5 43. Kd1 Kc5 44. g4 Rf8 45. Ke2 Kb4 46. Kd1 Rg8 47. Be2
Ra8 48. Bd3 Ra1+ 49. Ke2 Rh1 50. Rh8 Rh2+ 51. Ke1 Kc3 52. Rc8+ Kb2 53. Bxb5 Bf4
54. Rd8 Bg3+ 55. Kf1 Rf2+ 56. Kg1 Bh2+ 57. Kh1 Be5 58. Kg1 Rxc2 59. Kf1 Kc1 60.
Rd5 Kd1 61. g5 Rf2+ 62. Kg1 Rxf5 0-1

[Event "Hoogeveen open"]
[Site "Hoogeveen, Netherlands"]
[Date "2008.10.23"]
[Round "7"]
[White "Hoffman, Ron"]
[Black "Potze, Rudolf"]
[Result "1/2-1/2"]
[WhiteElo "2165"]
[BlackElo "2105"]
[PlyCount "200"]
[EventDate "2008.??.??"]

1. e4 c5 2. Nf3 Nc6 3. Bb5 g6 4. O-O Bg7 5. c3 e5 6. Re1 Nge7 7. d3 O-O 8. Be3
d6 9. d4 b6 10. dxe5 dxe5 11. Qxd8 Rxd8 12. a4 h6 13. Nfd2 Be6 14. Bc4 Bxc4 15.
Nxc4 Rab8 16. Nba3 f5 17. f3 Kf7 18. Rad1 Rxd1 19. Rxd1 Rd8 20. Rxd8 Nxd8 21.
Nb5 Nc8 22. Kf1 Ke6 23. Ke2 f4 24. Bf2 Kd7 25. Nd2 a6 26. Na3 Kc6 27. c4 Nd6
28. Kd3 Ne6 29. Ndb1 Bf6 30. Nc3 Bd8 31. Be1 Nd4 32. Nd5 g5 33. Bc3 Nf7 34. b4
Ne6 35. b5+ axb5 36. cxb5+ Kb7 37. Nc4 Nd4 38. Bxd4 cxd4 39. Nb4 h5 40. Nc6 Bf6
41. h3 Kc7 42. Nb4 Bd8 43. Nd5+ Kb7 44. Kc2 Ka7 45. Nb2 Kb7 46. Nd3 Kc8 47. Kb3
Kd7 48. N5b4 Bc7 49. Nd5 Bd8 50. N3b4 g4 51. hxg4 hxg4 52. Nc6 gxf3 53. gxf3
Bc7 54. Kc4 Nd6+ 55. Kd3 Nf7 56. Ke2 Kd6 57. Ncb4 Bd8 58. Nd3 Ng5 59. N5b4 Bc7
60. Nc2 Nf7 61. Na3 Ke6 62. Nc4 Kd7 63. a5 bxa5 64. b6 Bb8 65. Nxa5 Kd6 66. Kd2
Nd8 67. Kc2 Nf7 68. Kb3 Ng5 69. Nc4+ Kc6 70. Nb4+ Kb7 71. Ka4 Nxf3 72. Kb5 d3
73. Na5+ Kc8 74. b7+ Kd7 75. Nxd3 Ng5 76. Nc5+ Ke8 77. Na6 Nxe4 78. Nc4 Ba7 79.
Nxe5 Nd6+ 80. Kc6 Nxb7 81. Kxb7 Be3 82. Kc6 Ke7 83. Nc7 Kf6 84. Kd5 Kg5 85. Ke4
Kh4 86. Ne6 Bc1 87. Nf3+ Kh5 88. Kf5 Kh6 89. Nfg5 f3 90. Nxf3 Bb2 91. Nfg5 Bc1
92. Ne4 Bb2 93. Nf2 Bc3 94. Ng4+ Kh5 95. Nf4+ Kh4 96. Nf2 Kg3 97. Ne4+ Kf3 98.
Nxc3 Ke3 99. Ke5 Kf3 100. Ncd5 Kg4 {...moves} 1/2-1/2

[Event "Hoogeveen open"]
[Site "Hoogeveen, Netherlands"]
[Date "2008.10.23"]
[Round "7"]
[White "Galje, Hans"]
[Black "Van der Leest, Bert"]
[Result "1-0"]
[WhiteElo "2121"]
[BlackElo "2146"]
[PlyCount "65"]
[EventDate "2008.??.??"]

1. d4 Nf6 2. c4 c5 3. d5 b5 4. cxb5 a6 5. bxa6 Bxa6 6. Nc3 d6 7. Nf3 g6 8. g3
Nbd7 9. Bg2 Nb6 10. b3 Bg7 11. Rb1 Bb7 12. Nh4 O-O 13. O-O Qd7 14. h3 h6 15. e4
Ba6 16. Re1 Nh7 17. Bb2 Ng5 18. g4 Bf6 19. Nf3 Nxf3+ 20. Qxf3 Rfb8 21. Qg3 Bd4
22. Kh1 Qc7 23. f4 Nd7 24. Qh4 Kg7 25. Qxe7 Bd3 26. Rbc1 Rxa2 27. Nb5 Qa5 28.
Bxd4+ cxd4 29. Nxd6 Qd2 30. Qxf7+ Kh8 31. Rg1 Rf8 32. Qxd7 Qxf4 33. Rc7 1-0

[Event "Hoogeveen open"]
[Site "Hoogeveen"]
[Date "2008.??.??"]
[Round "8"]
[White "L'Ami, Erwin"]
[Black "Agamaliev, Gamil"]
[Result "1/2-1/2"]
[WhiteElo "2610"]
[BlackElo "2479"]
[PlyCount "65"]
[EventDate "2008.??.??"]

1. d4 Nf6 2. c4 g6 3. Nc3 Bg7 4. e4 O-O 5. Nf3 d6 6. Be2 e5 7. Be3 Ng4 8. Bg5
f6 9. Bh4 g5 10. Bg3 Nh6 11. c5 g4 12. Nh4 Nc6 13. Bc4+ Kh8 14. cxd6 cxd6 15.
dxe5 fxe5 16. Qd2 Nd4 17. O-O Qc7 18. b3 Qa5 19. Rfd1 Bd7 20. Ne2 Qxd2 21. Rxd2
b5 22. Bd3 Ne6 23. Rad1 Nc5 24. Bc2 Nb7 25. b4 a5 26. a3 axb4 27. axb4 Ra3 28.
Rd3 Ra2 29. Rc3 Be6 30. Bd3 Rb2 31. Bxb5 Rxb4 32. Bc6 Nc5 33. f3 1/2-1/2

[Event "Hoogeveen open"]
[Site "Hoogeveen"]
[Date "2008.??.??"]
[Round "8"]
[White "Nijboer, Friso"]
[Black "Robson, Ray"]
[Result "1-0"]
[WhiteElo "2540"]
[BlackElo "2466"]
[PlyCount "313"]
[EventDate "2008.??.??"]

1. e4 c5 2. Nf3 d6 3. d4 cxd4 4. Nxd4 Nf6 5. Nc3 e6 6. Be3 Nc6 7. Be2 Be7 8. f4
O-O 9. Qd2 a6 10. O-O-O Nxd4 11. Qxd4 b5 12. e5 dxe5 13. Qxd8 Bxd8 14. Bf3 Rb8
15. fxe5 Nd7 16. Ba7 Bc7 17. Bxb8 Bxb8 18. a4 b4 19. Ne4 Nxe5 20. Rd4 a5 21.
Nd6 Bd7 22. Nc4 Bxa4 23. Nxa5 Rc8 24. Rhd1 Bc7 25. Nc4 Nxf3 26. gxf3 g5 27. Rg1
h6 28. f4 Bd8 29. b3 Bf6 30. Rd3 Bb5 31. h4 Ra8 32. Kd2 Bc6 33. hxg5 hxg5 34.
fxg5 Bg7 35. g6 fxg6 36. Rxg6 Be4 37. Rxe6 Bxd3 38. Kxd3 Rc8 39. Nd6 Rc3+ 40.
Kd2 Rh3 41. Ne4 Rh2+ 42. Kd3 Bf8 43. Ng5 Rg2 44. Nf3 Kg7 45. Rc6 Be7 46. Nd4
Kf7 47. Nf5 Bf8 48. Rb6 Rh2 49. Rb7+ Kf6 50. Ne3 Ke6 51. Rb6+ Kd7 52. Rg6 Bc5
53. Ng4 Rh3+ 54. Ke4 Rc3 55. Ne5+ Ke7 56. Rg2 Kd6 57. Rd2+ Kc7 58. Kd5 Kb6 59.
Nd3 Kb5 60. Re2 Bb6 61. Nb2 Rc5+ 62. Ke4 Rc8 63. Nc4 Re8+ 64. Kf3 Rf8+ 65. Kg4
Bc5 66. Re5 Kc6 67. Rf5 Rxf5 68. Kxf5 Kd5 69. Nb2 Kd4 70. Na4 Bf8 71. Kf4 Bd6+
72. Kf3 Bc7 73. Ke2 Bd8 74. Kd1 Bc7 75. Nb2 Kc3 76. Nc4 Bf4 77. Nb6 Kd4 78. Nc8
Kc3 79. Ne7 Kd4 80. Ng6 Bg5 81. Nf8 Kc3 82. Ne6 Bh6 83. Nc7 Kd4 84. Nb5+ Kc5
85. Na7 Bg5 86. Ke2 Kd4 87. Nb5+ Kc5 88. Nc7 Bh6 89. Kd3 Kc6 90. Ne6 Kd5 91.
Nd4 Bg7 92. Nf5 Bf8 93. Ne3+ Kc5 94. Ke4 Bh6 95. Nf5 Bc1 96. Nd4 Bh6 97. Ne6+
Kd6 98. Nf4 Kc5 99. Nd3+ Kb5 100. Kd5 Bg7 101. Ne5 Bf8 102. Nc6 Kb6 103. Nd4
Be7 104. Kc4 Bf8 105. Nf5 Kc6 106. Ne3 Kb6 107. Nd5+ Ka5 108. Nf6 Bd6 109. Kd5
Be7 110. Ne8 Kb5 111. Nd6+ Ka5 112. Kc6 Bf8 113. Nc4+ Ka6 114. Nb6 Ka5 115. Nd7
Be7 116. Ne5 Bf8 117. Ng6 Bh6 118. Kc5 Bg7 119. Kc4 Bf6 120. Nf4 Be7 121. Kd5
Kb5 122. Ke6 Bf8 123. Ng6 Bh6 124. Kd5 Bg7 125. Nf4 Bf8 126. Ne6 Be7 127. Nd4+
Kb6 128. Kc4 Bf8 129. Ne6 Be7 130. Nf4 Bf8 131. Ng6 Bh6 132. Kxb4 Bd2+ 133. Kc4
Kc6 134. Ne5+ Kd6 135. Nd3 Kc6 136. b4 Kb6 137. Nb2 Bg5 138. Na4+ Kc6 139. b5+
Kd6 140. Kd4 Bf6+ 141. Kd3 Bg7 142. c4 Bf6 143. Nc3 Bg7 144. Ne4+ Kc7 145. c5
Ba1 146. Kc4 Bb2 147. Nc3 Bc1 148. Nd5+ Kd7 149. b6 Kc6 150. Nb4+ Kb7 151. Kb5
Bf4 152. c6+ Kb8 153. Ka6 Bg3 154. Nd5 Ka8 155. c7 Bxc7 156. Nxc7+ Kb8 157. b7
1-0

[Event "Hoogeveen open"]
[Site "Hoogeveen"]
[Date "2008.??.??"]
[Round "8"]
[White "Pavlovic, Milos"]
[Black "Spoelman, Wouter"]
[Result "1/2-1/2"]
[WhiteElo "2524"]
[BlackElo "2459"]
[PlyCount "84"]
[EventDate "2008.??.??"]

1. g3 e5 2. c4 Nc6 3. Bg2 g6 4. Nc3 Bg7 5. Rb1 Nf6 6. d3 O-O 7. b4 a6 8. e4 d6
9. Nge2 Nh5 10. O-O f5 11. exf5 gxf5 12. Nd5 Be6 13. b5 axb5 14. cxb5 Ne7 15.
Nec3 Nxd5 16. Bxd5 Bxd5 17. Nxd5 Nf6 18. Bg5 c6 19. bxc6 bxc6 20. Nb6 Rb8 21.
Qb3+ d5 22. Rfc1 h6 23. Bh4 Qd6 24. Qa4 c5 25. Bxf6 Bxf6 26. Nd7 Rxb1 27. Rxb1
Rd8 28. Nxf6+ Qxf6 29. Qa5 Qe7 30. Rb6 Kh7 31. Qa6 Qg7 32. Rb7 Rd7 33. Rxd7
Qxd7 34. a4 e4 35. Qb5 Qc8 36. a5 c4 37. dxc4 dxc4 38. a6 c3 39. Qb7+ Qxb7 40.
axb7 c2 41. b8=Q c1=Q+ 42. Kg2 Qd1 1/2-1/2

[Event "Hoogeveen open"]
[Site "Hoogeveen, Netherlands"]
[Date "2008.10.24"]
[Round "8"]
[White "Gupta, Abhijeet"]
[Black "Kaplan, Sasha"]
[Result "1/2-1/2"]
[WhiteElo "2580"]
[BlackElo "2425"]
[PlyCount "99"]
[EventDate "2008.??.??"]

1. d4 d5 2. c4 c6 3. Nf3 Nf6 4. Nc3 dxc4 5. a4 Bf5 6. Ne5 e6 7. f3 c5 8. e4 Bg6
9. Be3 cxd4 10. Qxd4 Qxd4 11. Bxd4 Nfd7 12. Nxd7 Nxd7 13. Bxc4 a6 14. h4 Rc8
15. Ba2 h6 16. Rc1 Rg8 17. Ke2 Bc5 18. Bxc5 Rxc5 19. b4 Rc6 20. h5 Bh7 21. Nb1
Ke7 22. Rxc6 bxc6 23. Na3 Rb8 24. Nc2 c5 25. Bc4 f5 26. Bxa6 fxe4 27. f4 e3 28.
Nxe3 cxb4 29. Bb5 b3 30. Nc4 Nc5 31. Nb2 Bc2 32. Ke3 Ne4 33. Ra1 Nc3 34. Bc4
Rd8 35. a5 Nd1+ 36. Nxd1 Bxd1 37. Rb1 Bc2 38. Rb2 Rb8 39. a6 Rb4 40. Kd4 Kd6
41. g4 Ra4 42. g5 Ra5 43. Bxb3 Bxb3 44. Rxb3 Rxa6 45. g6 Ra4+ 46. Ke3 Ra5 47.
Rb7 Rxh5 48. Rxg7 e5 49. Rf7 exf4+ 50. Kxf4 1/2-1/2

[Event "Hoogeveen open"]
[Site "Hoogeveen, Netherlands"]
[Date "2008.10.24"]
[Round "8"]
[White "Brandenburg, Daan"]
[Black "Safarli, Eltaj"]
[Result "1/2-1/2"]
[WhiteElo "2436"]
[BlackElo "2568"]
[PlyCount "86"]
[EventDate "2008.??.??"]

1. e4 c5 2. Nf3 d6 3. d4 cxd4 4. Nxd4 Nf6 5. Nc3 a6 6. Be3 e5 7. Nb3 Be6 8. Qd2
Nbd7 9. f3 Be7 10. g4 b5 11. a4 bxa4 12. Rxa4 Nb6 13. Rxa6 Rxa6 14. Bxa6 O-O
15. Na5 Qa8 16. Qe2 Rb8 17. O-O d5 18. Bd2 Bb4 19. Nb3 Nc4 20. Bxc4 dxc4 21.
Nc1 Bc5+ 22. Be3 Bxe3+ 23. Qxe3 Rxb2 24. Qd2 h5 25. h3 Nd7 26. N1e2 Nf8 27. Kg2
Qc8 28. Nd1 Rb7 29. Ne3 Rd7 30. Qa5 Ng6 31. Kf2 f6 32. Rd1 Rxd1 33. Nxd1 h4 34.
Qb6 Qd7 35. Ke1 Bf7 36. Ne3 c3 37. Nxc3 Nf4 38. Nf5 Bc4 39. Nd5 Bxd5 40. exd5
Qa4 41. Qc7 Qb4+ 42. Kd1 Qb1+ 43. Kd2 Qb4+ 1/2-1/2

[Event "Hoogeveen open"]
[Site "Hoogeveen, Netherlands"]
[Date "2008.10.24"]
[Round "8"]
[White "Romanishin, Oleg M"]
[Black "Van Assendelft, Floris"]
[Result "1-0"]
[WhiteElo "2532"]
[BlackElo "2253"]
[PlyCount "85"]
[EventDate "2008.??.??"]

1. d4 Nf6 2. Nf3 c5 3. d5 d6 4. Nc3 g6 5. e4 Bg4 6. Be2 Bg7 7. O-O O-O 8. Nd2
Bxe2 9. Qxe2 Na6 10. Nc4 Nc7 11. a4 a6 12. a5 Nb5 13. Na4 Qc7 14. c3 Rae8 15.
Bg5 Nd7 16. Nab6 Nxb6 17. Nxb6 e6 18. dxe6 fxe6 19. Qd3 Qc6 20. Rae1 h6 21. Bh4
Kh7 22. f4 Kh8 23. e5 dxe5 24. Qxg6 Nd6 25. fxe5 Rxf1+ 26. Rxf1 Nf5 27. Bf6
Bxf6 28. Qxf6+ Kh7 29. Qf7+ Kh8 30. Qd7 Qxd7 31. Nxd7 Rd8 32. Nxc5 Rd2 33. Rf2
Rd1+ 34. Rf1 Rd2 35. Nxe6 Ne3 36. Rf8+ Kh7 37. Rf7+ Kh8 38. Rf8+ Kh7 39. Rf7+
Kh8 40. Nf4 Rxb2 41. e6 Ng4 42. Nd5 Kg8 43. Rf1 1-0

[Event "Hoogeveen open"]
[Site "Hoogeveen, Netherlands"]
[Date "2008.10.24"]
[Round "8"]
[White "Slingerland, Fred"]
[Black "Mekhitarian, Krikor Sevag"]
[Result "1/2-1/2"]
[WhiteElo "2373"]
[BlackElo "2511"]
[PlyCount "100"]
[EventDate "2008.??.??"]

1. e4 c5 2. Nf3 e6 3. d4 cxd4 4. Nxd4 Nf6 5. Nc3 d6 6. Be2 Be7 7. O-O Nc6 8.
Be3 O-O 9. f4 a6 10. Qe1 Nxd4 11. Bxd4 b5 12. a3 Bb7 13. Qg3 g6 14. Bf3 a5 15.
Rad1 b4 16. axb4 axb4 17. e5 Bxf3 18. Qxf3 bxc3 19. exf6 Bxf6 20. Qxc3 Bxd4+
21. Qxd4 d5 22. Rd3 Rc8 23. c3 Rb8 24. Rf2 Qh4 25. Rh3 Qe7 26. Re2 Rfc8 27. f5
Rc4 28. Qf2 Ra4 29. Rhe3 Ra1+ 30. Re1 Rxe1+ 31. Rxe1 e5 32. h3 Qf6 33. Rf1 Qb6
34. fxg6 hxg6 35. b4 f6 36. Qxb6 Rxb6 37. Rd1 Rb5 38. Kf2 Kf7 39. Ke3 Ke6 40.
Ra1 Rb6 41. Ra5 Rc6 42. Kd2 Rc4 43. Ra6+ Kf5 44. g4+ Kg5 45. Rd6 d4 46. cxd4
exd4 47. b5 Rb4 48. b6 f5 49. gxf5 gxf5 50. Kd3 f4 1/2-1/2

[Event "Hoogeveen open"]
[Site "Hoogeveen, Netherlands"]
[Date "2008.10.24"]
[Round "8"]
[White "Kuipers, Stefan"]
[Black "Di Berardino, Diego Rafael"]
[Result "1-0"]
[WhiteElo "2292"]
[BlackElo "2502"]
[PlyCount "109"]
[EventDate "2008.??.??"]

1. e4 c5 2. Nf3 d6 3. d4 cxd4 4. Nxd4 Nf6 5. Nc3 a6 6. Be3 e5 7. Nb3 Be6 8. f3
Be7 9. Qd2 O-O 10. O-O-O Nbd7 11. g4 b5 12. g5 b4 13. Ne2 Ne8 14. f4 a5 15. f5
a4 16. Nbd4 exd4 17. Nxd4 b3 18. Kb1 bxc2+ 19. Nxc2 Bb3 20. axb3 axb3 21. Na3
Ne5 22. h4 Ra4 23. f6 gxf6 24. Qg2 Kh8 25. Bb5 Ra8 26. Bd4 Nc7 27. Qf1 Nxb5 28.
Qxb5 Qc8 29. Qxb3 Qc6 30. Qd5 Qxd5 31. exd5 fxg5 32. hxg5 Kg8 33. Rh5 Ra4 34.
Nc2 Rc8 35. Ne3 Rca8 36. Nf5 Bf8 37. Rdh1 Ra1+ 38. Kc2 Rc8+ 39. Bc3 Rxh1 40.
Rxh1 Rc4 41. Re1 Rc5 42. Rd1 Rc4 43. Rd4 Rc8 44. b4 Rb8 45. Kb3 Nd7 46. Rg4
Nc5+ 47. Kc2 Na4 48. Bf6 h5 49. gxh6+ Kh7 50. Bg7 Nb6 51. Bxf8 Rxf8 52. Rg7+
Kh8 53. Nxd6 Nxd5 54. b5 Ne3+ 55. Kb3 1-0

[Event "Hoogeveen open"]
[Site "Hoogeveen, Netherlands"]
[Date "2008.10.24"]
[Round "8"]
[White "Van der Wiel, John T.H"]
[Black "Pel, Bonno"]
[Result "1-0"]
[WhiteElo "2501"]
[BlackElo "2324"]
[PlyCount "135"]
[EventDate "2008.??.??"]

1. e4 d6 2. d4 g6 3. Nf3 Bg7 4. c3 Nf6 5. Bd3 O-O 6. Bg5 h6 7. Bh4 Nc6 8. Na3
e5 9. dxe5 Nxe5 10. Nxe5 dxe5 11. Qc2 Qe8 12. f3 Nh5 13. O-O-O Be6 14. Bb5 c6
15. Bc4 b5 16. Bxe6 Qxe6 17. Qb3 Qxb3 18. axb3 Nf4 19. g4 Rfc8 20. Rd7 Ne6 21.
Kc2 Nc5 22. Rd2 Rc7 23. Rhd1 Ne6 24. Rd7 Rac8 25. Rxc7 Rxc7 26. Nb1 Kf8 27. Nd2
a6 28. Ra1 Ra7 29. b4 Ke8 30. Nb3 Kd7 31. Bf2 Ra8 32. Bb6 Bf8 33. Rd1+ Ke8 34.
Be3 Rd8 35. Ra1 Ra8 36. h4 Kd7 37. Rh1 Kc7 38. Rf1 Be7 39. f4 exf4 40. Bxf4+
Nxf4 41. Rxf4 Rf8 42. h5 Kd6 43. Nd4 Bg5 44. Rf1 gxh5 45. gxh5 f6 46. Kd3 Ra8
47. Nb3 Kc7 48. Ke2 Kb6 49. Rd1 Ra7 50. Kf3 Re7 51. Re1 Rd7 52. Ra1 Rd3+ 53.
Kg4 Re3 54. Nc5 Re2 55. Rxa6+ Kc7 56. Ra7+ Kc8 57. Kf5 Rxb2 58. Ne6 Rf2+ 59.
Kg6 Bd2 60. Rc7+ Kb8 61. Rxc6 Rf3 62. Rb6+ Kc8 63. Rxb5 Rg3+ 64. Kf7 Bxc3 65.
Rc5+ Kd7 66. b5 Be5 67. Nf8+ Kd6 68. Rc6# 1-0

[Event "Hoogeveen open"]
[Site "Hoogeveen, Netherlands"]
[Date "2008.10.24"]
[Round "8"]
[White "Ikonnikov, Vyacheslav"]
[Black "Vedder, Richard"]
[Result "1-0"]
[WhiteElo "2571"]
[BlackElo "2334"]
[PlyCount "67"]
[EventDate "2008.??.??"]

1. d4 d5 2. Nf3 Nf6 3. c4 dxc4 4. e3 e6 5. Bxc4 c5 6. O-O a6 7. Bb3 b5 8. a4 b4
9. e4 Bb7 10. e5 Nfd7 11. d5 exd5 12. Bxd5 Bxd5 13. Qxd5 Nb6 14. Qxd8+ Kxd8 15.
a5 Nc8 16. Rd1+ Ke8 17. Nbd2 Ra7 18. Ne4 Nd7 19. Bf4 Be7 20. Rac1 f5 21. exf6
gxf6 22. Nd4 Rb7 23. Ne6 Kf7 24. Nc7 Ne5 25. Bxe5 fxe5 26. Nxa6 Rb5 27. Naxc5
Rxa5 28. Nb7 Ra6 29. Rc7 Kg6 30. Rdc1 Re8 31. R7c6+ Rxc6 32. Rxc6+ Kg7 33. Re6
Kf7 34. Rxe5 1-0

[Event "Hoogeveen open"]
[Site "Hoogeveen, Netherlands"]
[Date "2008.10.24"]
[Round "8"]
[White "Afek, Yochanan"]
[Black "Ulibin, Mikhail"]
[Result "0-1"]
[WhiteElo "2319"]
[BlackElo "2521"]
[PlyCount "88"]
[EventDate "2008.??.??"]

1. e4 e6 2. d4 d5 3. Nd2 Nf6 4. e5 Nfd7 5. Bd3 c5 6. c3 Nc6 7. Ne2 cxd4 8. cxd4
f6 9. exf6 Nxf6 10. Nf3 Bd6 11. O-O Qc7 12. g3 O-O 13. Bf4 Bd7 14. Rc1 Rae8 15.
Ne5 Bxe5 16. Bxe5 Qb6 17. Nc3 Ne4 18. Nxe4 dxe4 19. Bxe4 Nxe5 20. dxe5 Bb5 21.
Qc2 Bxf1 22. Bxh7+ Kh8 23. Rxf1 Rc8 24. Qe4 g5 25. b3 Rc5 26. Bg6 Qc7 27. Re1
Rc1 28. Kg2 Rxe1 29. Qxe1 Kg7 30. Bd3 Qc6+ 31. Be4 Qc7 32. Bd3 Qc6+ 33. Kg1 Qc5
34. Qe2 Qd4 35. Bc2 b5 36. Kg2 b4 37. f4 gxf4 38. Qg4+ Kf7 39. Qg6+ Ke7 40.
Qg5+ Ke8 41. Qg6+ Kd8 42. Qxe6 fxg3 43. hxg3 Rf2+ 44. Kh3 Rxc2 0-1

[Event "Hoogeveen open"]
[Site "Hoogeveen, Netherlands"]
[Date "2008.10.24"]
[Round "8"]
[White "Tan, Matthew"]
[Black "Neelotpal, Das"]
[Result "1/2-1/2"]
[WhiteElo "2321"]
[BlackElo "2477"]
[PlyCount "54"]
[EventDate "2008.??.??"]

1. e4 c5 2. Nf3 e6 3. d4 cxd4 4. Nxd4 Nf6 5. Nc3 d6 6. Be2 a6 7. O-O Qc7 8. f4
Nc6 9. Be3 Be7 10. Kh1 O-O 11. Qe1 Nxd4 12. Bxd4 b5 13. a3 Bb7 14. Qg3 Bc6 15.
Bf3 Qb7 16. Rae1 Rad8 17. b4 Kh8 18. Re2 Ne8 19. Rd1 Bf6 20. Red2 Bxd4 21. Rxd4
Qc7 22. e5 Bxf3 23. Qxf3 f6 24. exd6 Rxd6 25. Ne4 Rxd4 26. Rxd4 e5 27. fxe5
Qxe5 1/2-1/2

[Event "Hoogeveen open"]
[Site "Hoogeveen, Netherlands"]
[Date "2008.10.24"]
[Round "8"]
[White "Strating, Sybolt"]
[Black "Van Kooten, Luuk"]
[Result "1/2-1/2"]
[WhiteElo "2335"]
[BlackElo "2263"]
[PlyCount "26"]
[EventDate "2008.??.??"]

1. d4 Nf6 2. c4 e6 3. Nf3 c5 4. Nc3 cxd4 5. Nxd4 Nc6 6. e3 Bb4 7. Be2 Ne4 8.
Qc2 Nxc3 9. bxc3 Be7 10. O-O O-O 11. e4 d6 12. Rd1 Qa5 13. Be3 Rd8 1/2-1/2

[Event "Hoogeveen open"]
[Site "Hoogeveen, Netherlands"]
[Date "2008.10.24"]
[Round "8"]
[White "Van Delft, Merijn"]
[Black "Miedema, Roi"]
[Result "1/2-1/2"]
[WhiteElo "2402"]
[BlackElo "2307"]
[PlyCount "54"]
[EventDate "2008.??.??"]

1. e4 e6 2. d4 d5 3. Nc3 Bb4 4. e5 Ne7 5. a3 Bxc3+ 6. bxc3 c5 7. Qg4 O-O 8. Bd3
Nbc6 9. Qh5 Ng6 10. Nf3 Qc7 11. Be3 c4 12. Bxg6 fxg6 13. Qg4 Qf7 14. Ng5 Qe8
15. h4 Ne7 16. Qe2 b5 17. g4 Bd7 18. h5 gxh5 19. Rxh5 h6 20. Nh3 Qf7 21. f4 Be8
22. Kd2 Nf5 23. Bf2 g6 24. gxf5 gxh5 25. f6 Qh7 26. Rg1+ Kh8 27. f5 Qxf5
1/2-1/2

[Event "Hoogeveen open"]
[Site "Hoogeveen, Netherlands"]
[Date "2008.10.24"]
[Round "8"]
[White "Prasanna, Rao"]
[Black "Bitalzadeh, Ali"]
[Result "1-0"]
[WhiteElo "2311"]
[BlackElo "2370"]
[PlyCount "89"]
[EventDate "2008.??.??"]

1. e4 e6 2. d4 d5 3. Nd2 Nf6 4. e5 Nfd7 5. Bd3 c5 6. c3 Nc6 7. Ngf3 g6 8. O-O
Bg7 9. Re1 O-O 10. Nf1 Qb6 11. Bc2 cxd4 12. cxd4 f6 13. exf6 Nxf6 14. Bb3 Ne4
15. Be3 Nd6 16. Ng3 Bd7 17. Ne5 Qd8 18. Qe2 Nf7 19. Nf3 Nd6 20. Rad1 Nf5 21.
Nxf5 Rxf5 22. Bc2 Rf8 23. h4 Rxf3 24. Qxf3 Qxh4 25. g3 Qe7 26. Ba4 Qb4 27. Bxc6
bxc6 28. Qe2 Rf8 29. Qd2 Qb7 30. Bf4 Rf5 31. Be5 Qc8 32. Bxg7 Kxg7 33. Qb4 Qe8
34. Re5 Rf7 35. Rd3 Qd8 36. Ree3 Bc8 37. Rf3 Rb7 38. Qd2 e5 39. dxe5 Bf5 40.
Rb3 Rc7 41. Qf4 Qc8 42. e6 Bxe6 43. Qe5+ Kg8 44. Rb4 Bf7 45. Rfb3 1-0